000 00300nam a22001337a 4500
008 170413b xxu||||| |||| 00| 0 eng d
020 _a9781581101096
041 _aeng
080 _25TH
_a612.39
100 _a10
101 _aSHM
245 _aPEDIATRIC NUTRITION
_cKLEINMAN, R.E
942 _2udc
_cBK
999 _c10701
_d10701